000
00223 a2200097 4500
001
35659
100
_a
Broadbent, S R
245
_a
World Aerospace Profile,
260
_a
London
_b
Sterling Pub Ltd
_c
090
_c
23445
_d
23445
942
_a
NUST-CAE
_c
M
_c
14942
999
_c
270732
_d
270732